000
00189 a2200097 4500
020
_a
9788466326391
041
_a
spa
100
_a
Jay Elliot
245
_a
El camino de Steve Jobs
942
_c
BK
999
_c
8984
_d
8984